W jakim mieście znajduje się to dzieło sztuki? - Statystyki

Ogólne statystyki
  • Ten quiz został rozwiązany 16 razy
  • Średni wynik to 14 z 40
Statystyki odpowiedzi
Obrazkowy Odpowiedź % Poprawnych
Muzeum Książąt Czartoryskich w Krakowie
71%
Muzeum Narodowe w Warszawie
71%
Muzeum Narodowe w Warszawie
64%
Kaplica Sykstyńska w Watykanie
57%
Muzeum Marmottan Monet w Paryżu
57%
Muzeum Narodowe w Warszawie
57%
Rijksmuseum w Amsterdamie
57%
Galeria Narodowa w Oslo
50%
Galeria Uffizi we Florencji
50%
Muzeum d’Orsay w Paryżu
50%
Muzeum d’Orsay w Paryżu
50%
Muzeum Narodowe w Gdańsku
50%
Muzeum Prado w Madrycie
50%
Österreichische Galerie Belvedere w Wiedniu
50%
Refektarz klasztoru Santa Maria delle Grazie w Mediolanie
50%
Luwr w Paryżu
36%
Muzeum Mauritshuis w Hadze
36%
Muzeum Narodowe we Wrocławiu, oddział Panorama Racławicka
36%
Muzeum Sztuki Nowoczesnej w Nowym Jorku
36%
Pałac Apostolski w Watykanie
36%
Muzeum d’Orsay w Paryżu
29%
Muzeum d’Orsay w Paryżu
29%
Muzeum d’Orsay w Paryżu
29%
Muzeum Mauritshuis w Hadze
29%
Muzeum Prado w Madrycie
29%
National Gallery w Londynie
29%
Zamek Królewski w Warszawie
29%
Instytut sztuki w Chicago
21%
Museum of Modern Art w Nowym Jorku
21%
Muzeum Diecezjalne w Siedlcach
21%
Muzeum Prado w Madrycie
21%
Muzeum Prado w Madrycie
21%
National Gallery of Ireland w Dublinie
21%
Van Gogh Museum w Amsterdamie
21%
Instytut sztuki w Chicago
14%
Museum of Modern Art w Nowym Jorku
14%
Muzeum Narodowe w Poznaniu
14%
National Gallery of Art w Waszyngtonie
14%
Neue Galerie w Nowym Jorku
14%
Muzeum Archidiecezjalne we Wrocławiu
7%
Nie znaleziono quizów pasujących do podanych kryteriów
Rozkład punktacji
Procent ludzi z każdym wynikiem
Percentyl według liczby udzielonych odpowiedzi
Twoja historia wyników
Nie rozwiązałeś tego quizu